|
|
|
|
| LEADER |
00000cam a2200000 c 4500 |
| 001 |
271835966 |
| 003 |
DE-627 |
| 005 |
20251222212117.0 |
| 007 |
tu |
| 008 |
970924s1997 gw ||||| m 00| ||ger c |
| 015 |
|
|
|a 97,N37,0239
|2 dnb
|
| 015 |
|
|
|a 97,N37,0239
|2 dnb
|
| 016 |
7 |
|
|a 951138588
|2 DE-101
|
| 020 |
|
|
|a 363132569X
|9 3-631-32569-X
|
| 035 |
|
|
|a (DE-627)271835966
|
| 035 |
|
|
|a (DE-576)06152140X
|
| 035 |
|
|
|a (DE-599)GBV271835966
|
| 035 |
|
|
|a (OCoLC)243867960
|
| 035 |
|
|
|a (OCoLC)845493604
|
| 035 |
|
|
|a (OCoLC)40559853
|
| 040 |
|
|
|a DE-627
|b ger
|c DE-627
|e rakwb
|
| 041 |
|
|
|a ger
|
| 044 |
|
|
|c XA-DE
|c XA-CH
|c XD-US
|
| 082 |
0 |
|
|a 342.43/0418
|
| 084 |
|
|
|a 19
|2 sdnb
|
| 084 |
|
|
|a 19
|a 16
|2 sdnb
|
| 084 |
|
|
|a PL 400
|2 rvk
|0 (DE-625)rvk/137004:
|
| 084 |
|
|
|a 86.44
|2 bkl
|
| 100 |
1 |
|
|8 1\p
|a Fischer, Kai
|d 1980-
|0 (DE-588)1242604782
|0 (DE-627)1772592455
|4 aut
|
| 109 |
|
|
|a Fischer, Kai 1980-
|
| 245 |
1 |
4 |
|a Die Zulässigkeit aufgedrängten staatlichen Schutzes vor Selbstschädigung
|c Kai Fischer
|
| 263 |
|
|
|a brosch. : DM 98.00 (freier Pr.)
|
| 264 |
|
1 |
|a Frankfurt am Main
|a Berlin
|a Bern
|a New York
|a Paris
|a Wien
|b Lang
|c 1997
|
| 300 |
|
|
|a 305 S.
|
| 336 |
|
|
|a Text
|b txt
|2 rdacontent
|
| 337 |
|
|
|a ohne Hilfsmittel zu benutzen
|b n
|2 rdamedia
|
| 338 |
|
|
|a Band
|b nc
|2 rdacarrier
|
| 490 |
1 |
|
|a Europäische Hochschulschriften
|a Reihe 2, Rechtswissenschaft = Droit = Law
|v 2249
|
| 500 |
|
|
|a Literaturverz. S. 285 - 305
|
| 502 |
|
|
|a Zugl.: Hamburg, Univ., Diss., 1997
|
| 655 |
|
7 |
|a Hochschulschrift
|0 (DE-588)4113937-9
|0 (DE-627)105825778
|0 (DE-576)209480580
|2 gnd-content
|
| 689 |
0 |
0 |
|d s
|0 (DE-588)4359404-9
|0 (DE-627)181302748
|0 (DE-576)211614041
|a Selbstsabotage
|2 gnd
|
| 689 |
0 |
1 |
|d s
|0 (DE-588)4162156-6
|0 (DE-627)105464597
|0 (DE-576)209871466
|a Intervention
|2 gnd
|
| 689 |
0 |
2 |
|d s
|0 (DE-588)4062801-2
|0 (DE-627)106130129
|0 (DE-576)209146168
|a Verfassungsrecht
|2 gnd
|
| 689 |
0 |
|
|5 DE-101
|
| 751 |
|
|
|a Hamburg
|0 (DE-588)4023118-5
|0 (DE-627)106305433
|0 (DE-576)20894754X
|4 uvp
|
| 830 |
|
0 |
|a Europäische Hochschulschriften
|n Reihe 2
|p Rechtswissenschaft
|v 2249
|9 2249
|w (DE-627)130134236
|w (DE-576)015671542
|w (DE-600)510544-4
|x 0531-7312
|7 am
|
| 856 |
4 |
2 |
|u http://www.gbv.de/dms/spk/sbb/toc/271835966.pdf
|m V:DE-601
|m B:DE-1
|q pdf/application
|x Verlag
|y Inhaltsverzeichnis
|3 Inhaltsverzeichnis
|7 1
|
| 883 |
|
|
|8 1\p
|a cgwrk
|d 20241001
|q DE-101
|u https://d-nb.info/provenance/plan#cgwrk
|
| 889 |
|
|
|w (DE-627)233771212
|
| 935 |
|
|
|i mdedup
|
| 935 |
|
|
|i Blocktest
|
| 936 |
r |
v |
|a PL 400
|b Allgemeines,
|k Rechtswissenschaft
|k Staatsrecht und Verfassungsgeschichte
|k Staatsrecht und Verfassungsrecht
|k Die Grund- und Menschenrechte, Grundpflichten
|k Allgemeines,
|0 (DE-627)1271267381
|0 (DE-625)rvk/137004:
|0 (DE-576)201267381
|
| 936 |
b |
k |
|a 86.44
|j Staatsrecht
|j Verfassungsrecht: Allgemeines
|0 (DE-627)10642260X
|
| 951 |
|
|
|a BO
|
| ELC |
|
|
|b 1
|
| LOK |
|
|
|0 000 xxxxxcx a22 zn 4500
|
| LOK |
|
|
|0 001 3207707157
|
| LOK |
|
|
|0 003 DE-627
|
| LOK |
|
|
|0 004 271835966
|
| LOK |
|
|
|0 005 20151116135024
|
| LOK |
|
|
|0 008 150728||||||||||||||||ger|||||||
|
| LOK |
|
|
|0 040
|a DE-21-110
|c DE-627
|d DE-21-110
|
| LOK |
|
|
|0 689
|a s
|a Selbstschädigung
|
| LOK |
|
|
|0 852
|z Kein Bestand am IfK; Nachweis für KrimDok
|
| LOK |
|
|
|0 852
|a DE-21-110
|
| LOK |
|
|
|0 852 1
|9 00
|
| LOK |
|
|
|0 935
|a k110
|
| LOK |
|
|
|0 939
|a 28-07-15
|b l01
|
| ORI |
|
|
|a SA-MARC-krimdoka001.raw
|